[Event "Challenge"]
[Site "http://www.queenalice.com/game.php?id=1864653"]
[Date "2025.10.24"]
[Round "-"]
[White "Eder_Dionatan_Silva_Machado"]
[Black "MHRangel"]
[Result "0-1"]
[WhiteElo "1683"]
[BlackElo "1690"]

1. e4 c5 2. Nf3 Nc6 3. Bb5 Qc7 4. O-O g6 5. c3 Bg7 6. d4 a6 7. Bc4 b5 8. Bd5 Nf6
9. dxc5 O-O 10. Re1 e6 11. Bxc6 Qxc6 12. Be3 Nxe4 13. Nbd2 Nxc5 14. Nd4 Qd6 15.
Qf3 Bb7 16. Qh3 e5 17. N4f3 e4 18. Ng5 h6 19. Ngxe4 Nxe4 20. Nxe4 Bxe4 21. Rad1
Qc6 22. Bxh6 Bxh6 23. Qxh6 Bxg2 24. Re3 Bf3 25. Rdd3 Bh5 26. Re7 d5 27. Rde3 Qf6
28. b4 Rac8 29. Rd3 d4 30. cxd4 Qxe7 31. Re3 Rc1+ 32. Kg2 Qb7+ 33. Kg3 Rg1+ 34.
Kh3 Qg2+ 35. Kh4 Qg4# 0-1

[Event "AUTO-OPEN-4621"]
[Site "http://www.queenalice.com/game.php?id=1864835"]
[Date "2025.10.28"]
[Round "1"]
[White "Eder_Dionatan_Silva_Machado"]
[Black "askasl159"]
[Result "0-1"]
[WhiteElo "1705"]
[BlackElo "1865"]

1. e4 e5 2. Nf3 Nc6 3. Bb5 Nge7 4. d4 exd4 5. Nxd4 a6 6. Ba4 b5 7. Bb3 Nxd4 8.
Qxd4 Nc6 9. Qd5 Qf6 10. Be3 Bd6 11. Nc3 O-O 12. O-O-O Bb7 13. Bg5 Qe5 14. f4
Qxd5 15. Nxd5 Na5 16. Nxc7 Bxc7 17. Rxd7 Rac8 18. e5 Bxg2 19. Rhd1 h6 20. Be7
Rfe8 21. Bb4 Nxb3+ 22. axb3 a5 23. Bc5 Bh3 24. R7d5 Bf5 25. Bd6 Bxd6 26. Rxd6
Rxc2+ 27. Kb1 Rxh2+ 28. Ka2 Bc2 29. R1d5 a4 30. bxa4 Bb3+ 31. Kxb3 bxa4+ 32. Ka3
Ra8 33. Rd8+ Rxd8 34. Rxd8+ Kh7 35. Rf8 Kg6 36. Kxa4 Rxb2 37. e6 fxe6 38. Re8
Kf7 39. Rc8 Kg6 40. Re8 Re2 41. Kb4 h5 42. Rh8 Re4+ 43. Kc3 Rxf4 44. Rxh5 Kxh5
45. Kd3 g5 46. Ke3 Rf5 47. Ke2 g4 48. Kd3 g3 49. Ke4 g2 50. Kd4 g1=Q+ 51. Kc4
Qe3 52. Kb4 Rc5 53. Ka4 Qd3 54. Kb4 Qc3+ 55. Ka4 Ra5# 0-1

[Event "Let's Play 885"]
[Site "http://www.queenalice.com/game.php?id=1865361"]
[Date "2025.11.11"]
[Round "-"]
[White "digger"]
[Black "Eder_Dionatan_Silva_Machado"]
[Result "1-0"]
[WhiteElo "1723"]
[BlackElo "1741"]

1. d4 d5 2. e3 Nf6 3. Nf3 Bg4 4. Be2 e6 5. Ne5 Bxe2 6. Qxe2 Ne4 7. f3 Qh4+ 8. g3
Nxg3 9. Qg2 Nxh1+ 10. Kf1 Qg3 11. hxg3 Nxg3+ 12. Qxg3 Bd6 13. Qxg7 h5 14. Qxh8+
Bf8 15. Qxh5 Kd8 16. Qxf7 Nc6 17. Qxf8# 1-0

[Event "AUTO-ADV-4903"]
[Site "http://www.queenalice.com/game.php?id=1865419"]
[Date "2025.11.10"]
[Round "1"]
[White "Eder_Dionatan_Silva_Machado"]
[Black "Daniel1962"]
[Result "0-1"]
[WhiteElo "1724"]
[BlackElo "1764"]

1. e4 e5 2. Nf3 d6 3. Bb5+ Bd7 4. Bxd7+ Qxd7 5. d4 exd4 6. Nxd4 Nf6 7. Nc3 Nc6
8. Nf5 Nxe4 9. Nxg7+ Bxg7 10. Nxe4 O-O 11. O-O Rae8 12. Nf6+ Bxf6 13. Bh6 Bg7
14. Qh5 Bxh6 15. Qxh6 Ne5 16. Rae1 Ng4 17. Qd2 Rxe1 18. Rxe1 c5 19. Qg5+ Kh8 20.
Re7 Qa4 21. h3 Ne5 22. Rxb7 Rg8 23. Qf5 h6 24. g4 Qc6 25. Rxa7 Rg5 26. Qf6+ Kh7
27. h4 Rxg4+ 28. Kf1 Qh1+ 29. Ke2 Re4+ 30. Kd2 Qe1# 0-1

[Event "AUTO-ADV-4903"]
[Site "http://www.queenalice.com/game.php?id=1865420"]
[Date "2025.11.10"]
[Round "1"]
[White "Daniel1962"]
[Black "Eder_Dionatan_Silva_Machado"]
[Result "1-0"]
[WhiteElo "1718"]
[BlackElo "1722"]

1. d4 d5 2. c3 b6 3. Nf3 Nf6 4. Bg5 h6 5. Bxf6 exf6 6. e3 Bg4 7. Be2 Bd6 8. Qa4+
c6 9. h3 Bf5 10. Nbd2 O-O 11. g4 Bh7 12. Nh4 Re8 13. Nf5 Bxf5 14. gxf5 Qd7 15.
Qc2 c5 16. dxc5 bxc5 17. Bh5 Qxf5 18. Qxf5 Re5 19. Qc8+ Kh7 20. Bxf7 a5 21. Qg8#
1-0

[Event "Let's Play Chess!"]
[Site "http://www.queenalice.com/game.php?id=1865432"]
[Date "2025.11.11"]
[Round "-"]
[White "Eder_Dionatan_Silva_Machado"]
[Black "alow_proton"]
[Result "0-1"]
[WhiteElo "1701"]
[BlackElo "2103"]

1. e4 c5 2. Nc3 Nc6 3. Bb5 a6 4. Bxc6 bxc6 5. d3 d6 6. Nf3 Bg4 7. h3 Bh5 8. g4
Bg6 9. Ng5 h6 10. Nf3 Nf6 11. g5 hxg5 12. Bxg5 Bh5 13. e5 dxe5 14. Nxe5 Bxd1 15.
Rxd1 Qd6 16. Bf4 Qe6 17. Kd2 Nh5 18. Bh2 Qh6+ 19. Ke1 Qe6 20. Ne2 f6 21. Ng6 Rh6
22. Nxf8 Kxf8 23. Kf1 Qxh3+ 24. Ke1 e5 25. Ng1 Qg2 26. Kd2 Qxh1 27. a3 Qxh2 28.
Nf3 Qxf2+ 29. Kc3 Nf4 30. Nd2 Qd4+ 31. Kb3 Rb8+ 0-1

[Event "Let's Play Chess!"]
[Site "http://www.queenalice.com/game.php?id=1865433"]
[Date "2025.11.11"]
[Round "-"]
[White "alow_proton"]
[Black "Eder_Dionatan_Silva_Machado"]
[Result "1-0"]
[WhiteElo "2000"]
[BlackElo "1705"]

1. e4 e5 2. f4 Qh4+ 3. g3 Qf6 4. f5 Nc6 5. c3 d6 6. Nf3 a5 7. Bb5 g6 8. fxg6
hxg6 9. Be2 Bg4 10. d3 Bxf3 11. Bxf3 Rxh2 12. Rxh2 Qg5 13. Bxg5 f6 14. Be3 g5
15. Rh8 Nce7 16. d4 exd4 17. cxd4 Bg7 18. Rh7 Kf8 19. Qb3 a4 20. Qxb7 Re8 21.
Nc3 Nh6 22. O-O-O Kg8 23. Bh5 Nf7 24. Bxf7+ Kxf7 25. Qxc7 Kg6 26. Rdh1 Rh8 27.
Rxh8 Bxh8 28. Rxh8 Kf7 29. Rh7+ Kg6 30. Qxe7 g4 31. Qg7# 1-0

[Event "Let's Play Chess!"]
[Site "http://www.queenalice.com/game.php?id=1865434"]
[Date "2025.11.11"]
[Round "-"]
[White "Eder_Dionatan_Silva_Machado"]
[Black "alow_proton"]
[Result "0-1"]
[WhiteElo "1710"]
[BlackElo "1995"]

1. e4 c5 2. Bb5 h6 3. d3 a6 4. Ba4 b5 5. Bb3 e6 6. Nf3 d6 7. O-O Nc6 8. a4 Bb7
9. c3 Nf6 10. d4 Nxe4 11. d5 exd5 12. Bxd5 Nf6 13. axb5 axb5 14. Rxa8 Bxa8 15.
Qe2+ Be7 16. Bxc6+ Bxc6 17. b4 c4 18. Nd4 Bd7 19. Re1 Kf8 20. Qxe7+ Qxe7 21.
Rxe7 Kxe7 22. g4 Nxg4 23. Nd2 Ra8 24. Ne4 Ra1 25. f3 Rxc1+ 26. Kg2 f5 27. Ng3
Ne3+ 28. Kf2 f4 29. Nge2 Rf1# 0-1

[Event "AUTO-OPEN-4624"]
[Site "http://www.queenalice.com/game.php?id=1865634"]
[Date "2025.11.15"]
[Round "1"]
[White "Eder_Dionatan_Silva_Machado"]
[Black "BeatifulDevil56"]
[Result "0-1"]
[WhiteElo "1699"]
[BlackElo "2060"]

1. e4 e6 2. d4 d5 3. e5 c5 4. c3 c4 5. b3 b5 6. a4 a6 7. axb5 Qb6 8. bxc4 Nd7 9.
c5 Nxc5 10. dxc5 Bxc5 11. Be3 Bxe3 12. bxa6 Bxf2+ 13. Kd2 Qb2+ 14. Qc2 Qxa1 15.
Bb5+ Kd8 16. Nh3 Bb6 17. Kc1 Bxa6 18. Bc6 Rc8 19. Ba4 Be3+ 20. Kd1 Rc4 21. Ke2
Rxc3+ 22. Kd1 Rxc2 23. Bxc2 Qxe5 24. Re1 Qh5+ 25. Re2 Qxe2# 0-1